Parasitology / (Record no. 4946)
[ view plain ]
| 000 -LEADER | |
|---|---|
| fixed length control field | 00567nam a2200217 a 4500 |
| 001 - CONTROL NUMBER | |
| JCCL Control Number | 4946 |
| 003 - CONTROL NUMBER IDENTIFIER | |
| JCCL marc code | BD-JhCC |
| 005 - DATE AND TIME OF LATEST TRANSACTION | |
| control field | 20171205190329.0 |
| 008 - FIXED-LENGTH DATA ELEMENTS--GENERAL INFORMATION | |
| fixed length control field | 171205s2009 xxu |||| ||a| 000 0 eng d |
| 035 ## - SYSTEM CONTROL NUMBER | |
| system control number | (BD-JhCC)4946 |
| 040 ## - CATALOGING SOURCE | |
| Original cataloging agency | BD-JhCC |
| Modifying agency | BD-JhCC |
| 041 ## - LANGUAGE CODE | |
| Language code of Book | eng |
| 082 ## - DEWEY DECIMAL CLASSIFICATION NUMBER | |
| Classification number | 591.5249 |
| Author mark and Year | CHA 2009 |
| 100 ## - MAIN ENTRY--PERSONAL NAME | |
| Personal name | Chatterjee, K. D. |
| 245 ## - TITLE STATEMENT | |
| Title | Parasitology / |
| Statement of responsibility, etc | K. D. Chatterjee |
| 260 ## - PUBLICATION, DISTRIBUTION, ETC. (IMPRINT) | |
| Place of publication, distribution, etc | New Delhi |
| -- | Bangalore: |
| Name of publisher, distributor, etc | CBS Publishers & Distributors PVt Ltd, |
| Date of publication, distribution, etc | 2009. |
| 300 ## - PHYSICAL DESCRIPTION | |
| Pagination | 298 p. : |
| Dimensions | 23 cm. |
| 650 ## - SUBJECT ADDED ENTRY--TOPICAL TERM | |
| Topical term or geographic name as entry element | Parasitology |
| 942 ## - ADDED ENTRY ELEMENTS (KOHA) | |
| Source of classification or shelving scheme | Dewey Decimal Classification |
| Koha item type | Books |
| Source of classification or shelving scheme | Damaged status | Not for loan | Home library | Current library | Shelving location | Date of accession | Total Checkouts | Full call number | Barcode | Date last seen | Copy number | Koha item type |
|---|---|---|---|---|---|---|---|---|---|---|---|---|
| Dewey Decimal Classification | JCC Rouf Library | JCC Rouf Library | General Stacks | 12/05/2017 | 591.5249 CHA 2009 | 6825 | 12/05/2017 | C-1 | Books |